00624nam a2200169 a 450000100100000000500170001000800410002704000250006824500650009324600150015826000370017330000280021050000420023850000520028095201050033299900170043700004505020201002045833.0150130s2003 dr a 000 0 spa d aDO-SdBNPbspacBNPHU00aCreo 7 :blibro de formación integral, humana y religiosa.1 aReligión aSanto Domingo :bSusaeta,c2003. a152 p. :bil. ;c28 cm. aGrado septimo de educación básica aLibro de religión para la educacion básica. 0010718PDaPDbPDcCTd2015-01-30iLF1l0o p45050-10r2020-06-25w2020-06-25yLFPDZNo se presta c44539d44539